000 00459nam a2200145Ia 4500
008 230917s9999||||xx |||||||||||||| ||und||
040 _e78764
_aMAIN
041 _aEnglish
082 _a340 S84L
100 _aScott, James Brown
245 0 _aLaw, the state and the international community, 2v, v1: a commentary on the development of legal political and international ideas
260 _aWestport
_bGreenwich
_c1939
300 _axxiv, 615 p.
942 _cBK
999 _c203775
_d203775